| 000 -LEADER |
| fixed length control field |
01285cam a22003614a 4500 |
| 001 - CONTROL NUMBER |
| control field |
7689611 |
| 003 - CONTROL NUMBER IDENTIFIER |
| control field |
OSt |
| 005 - DATE AND TIME OF LATEST TRANSACTION |
| control field |
20170105113044.0 |
| 006 - FIXED-LENGTH DATA ELEMENTS--ADDITIONAL MATERIAL CHARACTERISTICS |
| fixed length control field |
m d |
| 007 - PHYSICAL DESCRIPTION FIXED FIELD--GENERAL INFORMATION |
| fixed length control field |
cr n |
| 008 - FIXED-LENGTH DATA ELEMENTS--GENERAL INFORMATION |
| fixed length control field |
010809s2002 caua sb 001 0 eng d |
| 020 ## - INTERNATIONAL STANDARD BOOK NUMBER |
| International Standard Book Number |
0125507119 |
| 035 ## - SYSTEM CONTROL NUMBER |
| System control number |
(WaSeSS)ssj0000137268 |
| 040 ## - CATALOGING SOURCE |
| Original cataloging agency |
DLC |
| Transcribing agency |
DLC |
| Modifying agency |
DLC |
| -- |
WaSeSS |
| 042 ## - AUTHENTICATION CODE |
| Authentication code |
pcc |
| 050 #4 - LIBRARY OF CONGRESS CALL NUMBER |
| Classification number |
R856 |
| Item number |
.P465 2002 |
| 050 #4 - LIBRARY OF CONGRESS CALL NUMBER |
| Classification number |
R856.P465 2002 |
| 082 00 - DEWEY DECIMAL CLASSIFICATION NUMBER |
| Classification number |
681/.761 |
| Edition number |
21 |
| 100 1# - MAIN ENTRY--PERSONAL NAME |
| Personal name |
Perez, Reinaldo. |
| 210 10 - ABBREVIATED TITLE |
| Abbreviated title |
Design of medical electronic devices |
| 245 10 - TITLE STATEMENT |
| Title |
Design of medical electronic devices |
| Medium |
[electronic resource] / |
| Statement of responsibility, etc. |
Reinaldo Perez. |
| 260 ## - PUBLICATION, DISTRIBUTION, ETC. |
| Place of publication, distribution, etc. |
San Diego : |
| Name of publisher, distributor, etc. |
Academic Press, |
| Date of publication, distribution, etc. |
c2002. |
| 504 ## - BIBLIOGRAPHY, ETC. NOTE |
| Bibliography, etc. note |
Includes bibliographical references and index. |
| 506 ## - RESTRICTIONS ON ACCESS NOTE |
| Terms governing access |
License restrictions may limit access. |
| 650 #0 - SUBJECT ADDED ENTRY--TOPICAL TERM |
| Topical term or geographic name entry element |
Medical instruments and apparatus. |
| 650 #0 - SUBJECT ADDED ENTRY--TOPICAL TERM |
| Topical term or geographic name entry element |
Medical electronics. |
| 650 #0 - SUBJECT ADDED ENTRY--TOPICAL TERM |
| Topical term or geographic name entry element |
Medical electronics |
| General subdivision |
Equipment and supplies. |
| 650 #0 - SUBJECT ADDED ENTRY--TOPICAL TERM |
| Topical term or geographic name entry element |
Medical electronics |
| General subdivision |
Technological innovations. |
| 773 #0 - HOST ITEM ENTRY |
| Title |
Referex Electronics and Electrical Engineering |
| 856 40 - ELECTRONIC LOCATION AND ACCESS |
| Uniform Resource Identifier |
<a href="http://www.columbia.edu/cgi-bin/cul/resolve?clio7689611">http://www.columbia.edu/cgi-bin/cul/resolve?clio7689611</a> |
| Public note |
Full text available from Referex Electronics and Electrical Engineering |
| 910 ## - USER-OPTION DATA (OCLC) |
| User-option data |
Library of Congress record |
| 942 ## - ADDED ENTRY ELEMENTS (KOHA) |
| Source of classification or shelving scheme |
|
| Koha item type |
Book |